home page   АИС "Историко-культурное наследие Беларуси"
  Базовый | Расширенный | Профессиональный | Словарь персоналий | Тематический словарь | По видам объектов История запросов  Заказы    Регистрация

Запись в MARC-формате

копировать MARC-запись

=LDR  00000nx\\c2200265\\\45\\
=001  BY-NLB-ar3128772
=005  20160330095631.8
=100  \\$a20081224arusy50\\\\\\ca0
=152  \\$apsbo
=160  \\$ae-bw
=215  \\$aКостел Наисвятейшей Троицы (Ружаны, городской поселок; Пружанский район)
=300  1\$aПамятник архитектуры раннега барокко. Построен в 1615–1617 гг. Реконструкция 1850 г. придала архитектуре костела черты классицизма.
=356  \\$aНаходится в центре г. п. Ружаны Пружанского района Брестской области.
=415  \\$aКостел Пресвятой Троицы (Ружаны, городской поселок; Пружанский район)
=415  \\$aРужанский Троицкий костел
=415  \\$aРужанский костел Пресвятой Троицы
=415  \\$aТроицкий костел доминиканцев (Ружаны, городской поселок; Пружанский район)
=801  \0$aBY$bBY-HM0000$c20081224
=810  \\$aРеспублика Беларусь : энциклопедия. [В 7 т.]. Т. 6. — Минск, 2008.
=810  \\$aТуристская энциклопедия Беларуси. — Минск, 2007.
=810  \\$aАрхітэктура Беларусі : энцыклапедычны даведнік. — Мінск, 1993.
=810  \\$aКаталіцкія храмы Беларусі / А. М. Кулагін. — Мінск, 2008.
=810  \\$aКаталіцкія храмы на Беларусі : энцыклапедычны даведнік / А. М. Кулагін. — Мінск, 2000.
=999  \\$f2786$t20081224

Чтобы вернуться назад, щелкните кнопку BACK на Вашем браузере